| 000 | 00763nam a2200181Ia 4500 | ||
|---|---|---|---|
| 003 | GCL | ||
| 008 | 140319s9999 xx 000 0 ara d | ||
| 040 |
_aGCL / _cGCL |
||
| 082 | 0 | 4 |
_a001.4 _bم م |
| 245 | 1 | 0 |
_aملخصات ابحاث ندوة تكريم الاستاذ الدكتور \ حسين نصار : _bجائزة مبارك - جوائز الدولة التقديرية -جوائز الدولة للتفوق 2003 |
| 260 |
_aالقاهرة : _bالمجلس الاعلى للثقافة ، _c2002 |
||
| 300 |
_aمتعدد ؛ _c32 سم |
||
| 650 | 0 | 4 | _aجوائز الدولة التقديرية |
| 650 | 0 | 4 | _aجوائز الدولة التشجيعية |
| 650 | 0 | 4 | _aالشهادات التقديرية |
| 650 | 0 | 4 | _aجائزة مبارك |
| 942 |
_2ddc _cBK |
||
| 999 |
_c32774 _d32774 |
||